000 00660nam a2200205Ii 4500
003 JO-AjNU
008 230605s9999||||xx |||||||||||||| ||und||
040 _aJO-AjNU
_bara
_erda
_cJO-AjNU
041 _aara
050 1 4 _aHD58.6.M342
100 3 _aماهر، احمد,
_eauthor
_944245
245 0 0 _aمهارات التفاوض
264 3 1 _aالاسكندرية:الدار الجامعية
300 _a115ص
336 _atext
_btxt
_2rdacontent
337 _aunmediated
_bn
_2rdamedia
338 _avolume
_bnc
_2rdacarrier
490 0 _aسلسلة ابن مهاراتك وتدرب على مهارات التفاوض
650 4 _aالتفاوض
_944246
999 _aA19089
_c22657
_d22657